[Event "Saint Denis op"]
[Site "Saint Denis"]
[Date "2022.10.13"]
[Round "7"]
[White "Lutard, Florian"]
[Black "Triton, Maxime"]
[Result "1-0"]
[WhiteElo "2045"]
[BlackElo "1888"]
[PlyCount "65"]
[EventDate "2022.10.13"]
[EventType "swiss"]
[EventRounds "9"]
[EventCountry "RUF"]
[SourceTitle "EXT 2024"]
[Source "ChessBase"]
[SourceDate "2023.10.10"]
[SourceVersion "1"]
[SourceVersionDate "2023.10.10"]
[SourceQuality "1"]

1. e4 c5 2. Nf3 e6 3. d4 cxd4 4. Nxd4 Nc6 5. Nc3 Qc7 6. Be3 a6 7. Qd2 Nf6 8. f3 b5 9. 0-0-0 Be7 10. Kb1 Bb7 11. g4 Nxd4 12. Bxd4 Rc8 13. h4 b4 14. Na4 d5 15. Nb6 Rd8 16. e5 Nd7 17. Nxd7 Rxd7 18. Bd3 0-0 19. f4 f6 20. Rdf1 fxe5 21. fxe5 Rdd8 22. Qe3 Rxf1+ 23. Rxf1 Rf8 24. Rxf8+ Bxf8 25. Qf4 Be7 26. g5 Qd8 27. g6 hxg6 28. Qg4 Bxh4 29. Qxe6+ Kh8 30. Qxg6 Kg8 31. e6 Bf6 32. Qh7+ Kf8 33. Bc5+ 1-0

[Event "FRA-ch U18"]
[Site "Pau"]
[Date "2015.04.29"]
[Round "5"]
[White "Lutard, Florian"]
[Black "Jrade, Willis"]
[Result "1-0"]
[WhiteElo "2074"]
[BlackElo "2140"]
[PlyCount "103"]
[EventDate "2015.04.26"]
[EventType "swiss"]
[EventRounds "9"]
[EventCountry "FRA"]
[SourceTitle "CBM 166 Extra"]
[Source "ChessBase"]
[SourceDate "2015.06.18"]
[SourceVersion "1"]
[SourceVersionDate "2015.06.18"]
[SourceQuality "1"]

1. d4 Nf6 2. c4 g6 3. Nc3 d5 4. Bf4 Bg7 5. e3 0-0 6. Rc1 dxc4 7. Bxc4 c5 8. dxc5 Qa5 9. Nf3 Qxc5 10. Bb3 Nc6 11. 0-0 Qa5 12. h3 Bf5 13. Qe2 Ne4 14. Nd5 e5 15. Bh2 Be6 16. Rfd1 Rfd8 17. Qc4 Nf6 18. e4 Rac8 19. Ng5 Nxd5 20. Nxe6 fxe6 21. exd5 exd5 22. Rxd5 Rxd5 23. Qxd5+ Qxd5 24. Bxd5+ Kf8 25. b4 Bh6 26. f4 Bxf4 27. Bxf4 exf4 28. b5 Ne7 29. Rxc8+ Nxc8 30. Bxb7 Nb6 31. Kf2 g5 32. Kf3 Ke7 33. Kg4 Kf6 34. Kh5 Na4 35. Bc6 Nc5 36. Kh6 Kf5 37. Kxh7 g4 38. hxg4+ Kxg4 39. Kg6 Kg3 40. Kf5 Nd3 41. a4 Nb2 42. a5 Nc4 43. b6 axb6 44. a6 b5 45. a7 Nb6 46. Bxb5 f3 47. gxf3 Kxf3 48. Ke5 Ke3 49. Ba6 Na8 50. Kd6 Kd4 51. Kc6 Ke5 52. Bb7 1-0

[Event "FRA-chT U20 16 GP Haute 1213"]
[Site "France"]
[Date "2013.05.20"]
[Round "11"]
[White "Veys, Vincent"]
[Black "Lutard, Florian"]
[Result "0-1"]
[WhiteElo "2047"]
[BlackElo "1860"]
[PlyCount "134"]
[EventDate "2012.12.01"]
[EventType "team"]
[EventRounds "11"]
[EventCountry "FRA"]
[SourceTitle "EXT 2014"]
[Source "ChessBase"]
[SourceDate "2013.11.20"]
[SourceVersion "1"]
[SourceVersionDate "2013.11.20"]
[SourceQuality "1"]
[WhiteTeam "Mulhouse (U20)"]
[BlackTeam "Clichy (U20)"]
[WhiteTeamCountry "FRA"]
[BlackTeamCountry "FRA"]

1. e4 e6 2. d4 d5 3. Nd2 c5 4. exd5 Qxd5 5. Ngf3 cxd4 6. Bc4 Qd7 7. 0-0 Nc6 8. Nb3 a6 9. Nbxd4 Nxd4 10. Nxd4 b5 11. Be2 Bb7 12. Nb3 Bd5 13. Bf3 Rd8 14. Bxd5 Qxd5 15. Be3 Nf6 16. Qe1 Bd6 17. Rd1 Qh5 18. h3 Nd5 19. Bc5 0-0 20. Bxd6 Rxd6 21. Nc1 Rfd8 22. Qe2 Qxe2 23. Nxe2 Nf4 24. Nc3 Ne2+ 25. Kh2 Nxc3 26. Rxd6 Rxd6 27. bxc3 Rd2 28. a4 Rxc2 29. axb5 axb5 30. Rb1 Rxf2 31. Rxb5 g6 32. Rb8+ Kg7 33. Rc8 Rc2 34. c4 e5 35. c5 e4 36. c6 f5 37. c7 Kh6 38. Kg3 Kg5 39. h4+ Kh5 40. Kf4 Kxh4 41. Ra8 Rxc7 42. Ra3 e3 43. Rxe3 Rc4+ 44. Kf3 Kg5 45. Ra3 h5 46. Kg3 h4+ 47. Kh3 Rc1 48. Kh2 Kg4 49. Rb3 g5 50. Ra3 f4 51. Rb3 Rc2 52. Ra3 Re2 53. Rb3 Re3 54. Rb2 h3 55. gxh3+ Rxh3+ 56. Kg2 f3+ 57. Kg1 Rh8 58. Rb5 Rc8 59. Rb2 Kg3 60. Rg2+ Kf4 61. Ra2 Rc4 62. Ra5 g4 63. Ra1 Kg3 64. Rb1 Rc2 65. Ra1 Rg2+ 66. Kh1 Rh2+ 67. Kg1 f2+ 0-1

[Event "FRA-ch U16"]
[Site "Saint Paul Trois Chateaux"]
[Date "2013.04.29"]
[Round "2"]
[White "Viennot, Dylan"]
[Black "Lutard, Florian"]
[Result "1-0"]
[WhiteElo "2222"]
[BlackElo "1889"]
[PlyCount "101"]
[EventDate "2013.04.28"]
[EventType "swiss"]
[EventRounds "9"]
[EventCountry "FRA"]
[SourceTitle "CBM 154 Extra"]
[Source "ChessBase"]
[SourceDate "2013.06.25"]
[SourceVersion "2"]
[SourceVersionDate "2013.06.25"]
[SourceQuality "1"]

1. e4 e6 2. d4 d5 3. Nc3 dxe4 4. Nxe4 Nd7 5. Nf3 Ngf6 6. Nxf6+ Nxf6 7. Be2 Bd6 8. Bg5 0-0 9. Ne5 c5 10. c3 cxd4 11. Qxd4 Be7 12. Qxd8 Rxd8 13. Rd1 Rxd1+ 14. Bxd1 h6 15. Bh4 g5 16. Bg3 Nd7 17. Bf3 Nxe5 18. Bxe5 f6 19. Bc7 a6 20. Ke2 Bd7 21. Rd1 Bb5+ 22. Ke1 Rc8 23. Bd6 Bxd6 24. Rxd6 Bc6 25. Bxc6 Rxc6 26. Rd8+ Kf7 27. Rd7+ Kg6 28. Rxb7 e5 29. Kd2 f5 30. a4 e4 31. a5 Rd6+ 32. Ke3 Rd1 33. Rb6+ Kh5 34. Rxa6 Re1+ 35. Kd2 Rh1 36. Rf6 f4 37. a6 Rxh2 38. a7 e3+ 39. fxe3 Rxg2+ 40. Kd3 fxe3 41. a8Q e2 42. Qxg2 e1N+ 43. Ke2 Nxg2 44. b4 Nf4+ 45. Rxf4 gxf4 46. b5 Kg4 47. b6 h5 48. b7 h4 49. b8Q h3 50. Qg8+ Kh4 51. Kf3 1-0

[Event "FRA-chT U20 GpB 1213"]
[Site "France"]
[Date "2013.01.06"]
[Round "7"]
[White "Rodriguez, Adrien"]
[Black "Lutard, Florian"]
[Result "1-0"]
[WhiteElo "2012"]
[BlackElo "1860"]
[PlyCount "117"]
[EventDate "2012.12.01"]
[EventType "team"]
[EventRounds "7"]
[EventCountry "FRA"]
[SourceTitle "EXT 2014"]
[Source "ChessBase"]
[SourceDate "2013.11.20"]
[SourceVersion "1"]
[SourceVersionDate "2013.11.20"]
[SourceQuality "1"]
[WhiteTeam "Creteil (U20)"]
[BlackTeam "Clichy (U20)"]
[WhiteTeamCountry "FRA"]
[BlackTeamCountry "FRA"]

1. d4 d5 2. Nf3 Nf6 3. c4 dxc4 4. e3 e6 5. Bxc4 c5 6. Nc3 a6 7. Qe2 b5 8. Bd3 Bb7 9. dxc5 Bxc5 10. e4 Nbd7 11. 0-0 0-0 12. e5 Bxf3 13. gxf3 Nh5 14. Qe4 g6 15. Bh6 Re8 16. Rad1 Bf8 17. Bxf8 Rxf8 18. Qe3 Qe7 19. f4 Nc5 20. Be2 b4 21. Ne4 Nxe4 22. Qxe4 Ng7 23. Rd4 a5 24. Rfd1 Rad8 25. Qd3 Rxd4 26. Qxd4 Nf5 27. Qb6 Qh4 28. Qxa5 Qxf4 29. Qc5 Qe4 30. Qc4 Qxe5 31. Rd2 Rb8 32. Qd3 Nh4 33. Qg3 Qxg3+ 34. hxg3 Nf5 35. Bc4 Rb7 36. Kf1 h5 37. Ke2 Kg7 38. Kf3 Kf6 39. Ke4 Rb6 40. Be2 Rb7 41. a3 bxa3 42. bxa3 Rb3 43. Ra2 Nd6+ 44. Kd4 e5+ 45. Kd5 Nb5 46. Bxb5 Rxb5+ 47. Kc6 Ra5 48. a4 Ke7 49. Kb6 Ra8 50. a5 Rb8+ 51. Kc7 Rb1 52. a6 Rc1+ 53. Kb6 Rb1+ 54. Kc6 Rc1+ 55. Kd5 Rd1+ 56. Kxe5 Re1+ 57. Kf4 f5 58. a7 Re4+ 59. Kf3 1-0